| 000 | 00552nam a22001937a 4500 | ||
|---|---|---|---|
| 003 | OSt | ||
| 005 | 20260422081645.0 | ||
| 008 | 260422b |||||||| |||| 00| 0 eng d | ||
| 020 | _a97111-8079-0. | ||
| 040 |
_aDWC-Main Lib. _cOC |
||
| 082 | _aFil. 170 Q4f 1989 | ||
| 100 | _aQuito, Emerita S. | ||
| 245 |
_aFundamentals of Ethics/ _cEmerita S. Quito |
||
| 260 |
_aManila: _bDe La Salle University Press, _cc1989. |
||
| 300 |
_a187 p. ; _c22 cm. |
||
| 500 | _aIncludes bibliography. | ||
| 650 | _a1. Ethics. | ||
| 942 |
_2ddc _cBK - FIL _hFil. _n0 |
||
| 999 |
_c9726 _d9726 |
||